000 00378nam a2200145 i 4500
001 bg
100 1 _aBŁAHUT, Karol J.
245 0 _aPolsko-niemieckie stosunki gospodarcze w latach 1919-1939 /
_cKarol J. Błahut.
260 _aWrocław,
_c1975.
040 _cBPK
041 _apol
080 _a338(438:430)(091)
942 _cKS
008 s pl f |000 0 pol
999 _c17416
_d17416
856 _uhttp://koha.tu.koszalin.pl/cgi-bin/koha/opac-detail.pl?biblionumber=17416
_yKatalog online BPK